Normal view
MARC view
- SINGh,Gurdip
Entry Personal Name
001 - CONTROL NUMBER
- control field: 290
003 - CONTROL NUMBER IDENTIFIER
- control field: JO-AjAnu
005 - DATE AND TIME OF LATEST TRANSACTION
- control field: 20230606070342.0
008 - FIXED-LENGTH DATA ELEMENTS
- fixed length control field: 230606|| aca||aabn | a|a d
040 ## - CATALOGING SOURCE
- Original cataloging agency: JO-AjAnu
- Transcribing agency: JO-AjAnu
100 ## - HEADING--PERSONAL NAME
- Personal name: SINGh,Gurdip
670 ## - SOURCE DATA FOUND
- Source citation: Work cat.: (JO-AjAnu)152: SINGh,Gurdip, author, Fundamental of Computer programming and information Technology